00469nam a22001577a 450000500170000001000150001702000260003203500140005803700130007208200060008510000180009124500890010926000420019827000520024030000190029220240205170209.0 aENG-139104 a9788170265078c695.00 aEN-122636 bDBAD/PUB aS aFranda Marcus aPunjabis War and Women:bThe short stories of gulzar singh sandhu/cBy Marcus Franda aNew Delhi bHERITAGE PUBLISHERSc2022 bNew Delhia19-A ,Ansari Road,Daryaganj e110002 a271p.c9cm(hb)